• 首页
  • 本馆介绍
  • 公告通知
  • 最新文献
  • 馆藏检索
  • 电子资源
  • 读者导购
  • 参考咨询
  • 我的图书馆
  • 登录
  • 详细信息显示
  • 放入我的书架
  • 预约/预借图书
  • 作者相关作品
  • 分类相关作品
  • 丛书相关作品
  • 出版社相关作品

书目信息

  • 表格格式
  • 工作单格式
  • 卡片格式
题名:
药理学综合训练教程
    
 
作者: 邵南齐 主编
分册:  
出版信息: 郑州   郑州大学出版社  2014
页数: 281页
开本: 26cm
丛书名:
单 册:
中图分类: R96
科图分类:
主题词: 药理学--医学院校--教材
电子资源:
ISBN: 978-7-5645-1636-9
000 00831nam0 2200241 450
001 012015000105
005 20151130093518.42
010    @a978-7-5645-1636-9@dCNY43.80
100    @a20140702d2014 em y0chiy50 ea
101 0  @achi
102    @aCN@b410000
105    @ay z 000yy
106    @ar
200 1  @a药理学综合训练教程@Ayao li xue zong he xun lian jiao cheng@f邵南齐主编
210    @a郑州@c郑州大学出版社@d2014
215    @a281页@d26cm
300    @a医学生专业素养综合训练教程
330    @a本书内容包括:药物效应动力学、药物代谢动力学、影响药物效应的因素、传出神经系统药理概论、拟胆碱药、抗胆碱药、拟肾上腺素药、局部麻醉药、镇静催眠药和抗惊厥药等章节。
606 0  @a药理学@x医学院校@j教材
690    @aR96@v5
701  0 @a邵南齐@Ashao nan qi@4主编
801  0 @aCN@b碧洲教育@c20151127
905    @a10447@f4@dR96@e106
    
    药理学综合训练教程/邵南齐主编.-郑州:郑州大学出版社,2014
    281页;26cm
    医学生专业素养综合训练教程
    
    ISBN 978-7-5645-1636-9:CNY43.80
    本书内容包括:药物效应动力学、药物代谢动力学、影响药物效应的因素、传出神经系统药理概论、拟胆碱药、抗胆碱药、拟肾上腺素药、局部麻醉药、镇静催眠药和抗惊厥药等章节。
●
相关链接 在E读中查询图书 在五车中查询图书 在当当中查询图书 在豆瓣中查询图书


正题名:药理学综合训练教程     索取号:R96/106         预约/预借

序号 登录号 条形码 馆藏地/架位号 状态 备注
1 0871010   208710108   第二样本阅览室/ [索取号:R96/106] 在馆    
2 0871011   208710117   第三借阅区/ [索取号:R96/106] 在馆    
3 0871012   208710126   密集书库-生命科学系/ [索取号:R96/106] 在馆    
4 0871013   208710135   第三借阅区/ [索取号:R96/106] 在馆    
唐山师范学院图书馆 欢迎您!
大连网信软件有限公司© 版权所有